| 000 | 00757cam a22002413a 4500 | ||
|---|---|---|---|
| 001 | 25459 | ||
| 003 | PGUSA | ||
| 005 | 20140828083540.0 | ||
| 008 | 080513s2008||||xxu|||||s|||||000 | eng d | ||
| 040 |
_aPGUSA _beng |
||
| 042 | _adc | ||
| 050 | 4 | _aBV | |
| 100 | 1 |
_aMacduff, John R. _q(John Ross), _d1818-1895 |
|
| 245 | 1 | 4 |
_aThe Cities of Refuge ; _bor, The Name of Jesus : A Sunday book for the young _h[electronic resource] / _cJohn R. Macduff |
| 260 |
_bProject Gutenberg, _c2008 |
||
| 506 | _aPublic domain in the USA. | ||
| 516 | _aElectronic text | ||
| 653 | _aCities and towns -- Palestine | ||
| 653 | _aBible. Old Testament -- Geography | ||
| 830 | 0 |
_aProject Gutenberg _v25459 |
|
| 856 | 4 | 0 | _uhttp://www.gutenberg.org/ebooks/25459 |
| 942 | _cEB | ||
| 999 |
_c254714 _d254714 |
||